[Event "Sparkassen-Open B"]
[Site "Heusenstamm, Martinsee"]
[Date "2018.11.25"]
[Round "7.44"]
[White "Hölß, Silas"]
[Black "Englert, Lin"]
[Result "1-0"]
[WhiteElo "1483"]
[BlackElo "1294"]
[PlyCount "91"]
[EventDate "2018.??.??"]
[WhiteTeam "SSG Hungen-Lich"]
[BlackTeam "TV-Großostheim"]

1. e4 c5 2. Nf3 Nc6 3. Bc4 g6 4. d4 cxd4 5. Nxd4 Bg7 6. Nxc6 bxc6 7. Qf3 e6 8.
Nc3 a6 9. Bf4 Nf6 10. Bg5 h6 11. Be3 O-O 12. e5 Nd5 13. Bc5 Re8 14. Bd6 Qg5 15.
Ne4 Qf4 16. Qxf4 Nxf4 17. g3 Nd5 18. O-O-O a5 19. Nc5 Bf8 20. Ne4 Bg7 21. f4
Ne3 22. Rd4 Nxc4 23. Rxc4 Ba6 24. Rd4 Be2 25. Re1 Ba6 26. Bc7 Bc8 27. Ra4 Ra7
28. Bxa5 Bb7 29. Nc5 Rea8 30. b4 Bc8 31. Ra3 Bf8 32. Rc3 Bxc5 33. Rxc5 Ba6 34.
a4 Rb7 35. c4 Rba7 36. Kb2 Rb8 37. Kb3 Kf8 38. Ra1 Ke8 39. Kc3 Ke7 40. b5 cxb5
41. cxb5 Bb7 42. Bb6 Raa8 43. a5 Bc8 44. Bc7 Rb7 45. a6 Rxc7 46. Rxc7 1-0

[Event "Sparkassen-Open B"]
[Site "Heusenstamm, Martinsee"]
[Date "2018.11.25"]
[Round "7.45"]
[White "Stollreiter, Marc"]
[Black "Brunner, Andreas"]
[Result "0-1"]
[WhiteElo "1204"]
[BlackElo "1437"]
[PlyCount "30"]
[EventDate "2018.??.??"]
[WhiteTeam "Kölner SK Dr. Lasker"]
[BlackTeam "Berkershm"]

1. c4 Nf6 2. g3 Nc6 3. Nc3 e6 4. Bg2 Bb4 5. Qb3 Qe7 6. Nf3 O-O 7. d3 d5 8. cxd5
exd5 9. Bd2 d4 10. Nd1 Bxd2+ 11. Nxd2 Re8 12. e3 dxe3 13. fxe3 Nd4 14. Qc3 c5
15. O-O Ne2+ 0-1

[Event "Sparkassen-Open B"]
[Site "Heusenstamm, Martinsee"]
[Date "2018.11.25"]
[Round "7.46"]
[White "Jansen, Nora"]
[Black "Hegmann, Kolja"]
[Result "1-0"]
[WhiteElo "1433"]
[BlackElo "1614"]
[PlyCount "97"]
[EventDate "2018.??.??"]
[WhiteTeam "SVG Plettenberg"]
[BlackTeam "TuS Makkabi"]

1. c4 Nf6 2. g3 e5 3. Bg2 d5 4. cxd5 Nxd5 5. Nc3 Nxc3 6. bxc3 Nc6 7. Rb1 Bc5 8.
d3 O-O 9. Nf3 Qd6 10. Nd2 Be6 11. Ne4 Qe7 12. Nxc5 Qxc5 13. c4 Rab8 14. O-O a6
15. Be3 Qd6 16. Qd2 f5 17. f4 Rfd8 18. c5 Qd7 19. Qb2 exf4 20. Rxf4 Ne7 21. Rd4
Qe8 22. Rxd8 Qxd8 23. a3 h6 24. Qe5 Bd5 25. Bd4 Kf8 26. Qxg7+ Ke8 27. Qxh6 Bxg2
28. Qh8+ Kd7 29. Qxd8+ Rxd8 30. Kxg2 Kc6 31. Bf6 Re8 32. Bxe7 Rxe7 33. Kf3 b6
34. cxb6 cxb6 35. e3 b5 36. h4 a5 37. e4 fxe4+ 38. dxe4 Kc5 39. g4 b4 40. axb4+
axb4 41. Kf4 Kc4 42. g5 Kc3 43. h5 b3 44. g6 Kc2 45. Rh1 b2 46. h6 b1=Q 47.
Rxb1 Kxb1 48. h7 Re8 49. g7 1-0

[Event "Sparkassen-Open B"]
[Site "Heusenstamm, Martinsee"]
[Date "2018.11.25"]
[Round "7.47"]
[White "Kremenetskiy, Igor"]
[Black "Al-Butmeh, Firas"]
[Result "1-0"]
[WhiteElo "1520"]
[BlackElo "1401"]
[PlyCount "97"]
[EventDate "2018.??.??"]
[WhiteTeam "SF Heusenstamm"]
[BlackTeam "SV Lahn Limburg"]

1. e4 c5 2. Nf3 g6 3. Bc4 Nc6 4. a3 Bg7 5. c3 e5 6. d3 Nge7 7. O-O O-O 8. Bg5
Kh8 9. Qd2 f6 10. Bh6 d5 11. Bxg7+ Kxg7 12. exd5 Nxd5 13. h3 Be6 14. b4 b6 15.
Re1 Qd7 16. Kh2 Rad8 17. Qa2 Nf4 18. Bxe6 Nxe6 19. Nbd2 Nf4 20. b5 Ne7 21. d4
exd4 22. cxd4 Qc7 23. g3 Nfd5 24. Qc4 Nf5 25. Rac1 Qd6 26. Ne4 Qd7 27. dxc5 Rc8
28. c6 Qf7 29. g4 Qc7+ 30. Kh1 Nfe7 31. Nd4 Kh8 32. Ne6 Qe5 33. Nxf8 Rxf8 34.
Ng3 Qc7 35. Re4 f5 36. Qd4+ Nf6 37. Re6 Kg8 38. Rxf6 Rd8 39. Qc4+ Kg7 40. Qf7+
Kh6 41. gxf5 Qe5 42. Re6 Qd5+ 43. Kg1 Qf3 44. Qxe7 Rd1+ 45. Rxd1 Qxd1+ 46. Kg2
Qd5+ 47. Ne4 Qxf5 48. Qh4+ Kg7 49. Qf6+ 1-0

[Event "Sparkassen-Open B"]
[Site "Heusenstamm, Martinsee"]
[Date "2018.11.25"]
[Round "7.48"]
[White "Bayer, Oliver"]
[Black "Scheerer, Julian"]
[Result "1/2-1/2"]
[WhiteElo "1497"]
[BlackElo "1364"]
[PlyCount "70"]
[EventDate "2018.??.??"]
[WhiteTeam "SC Heusenstamm"]
[BlackTeam "SV 1934 Ffm-Griesheim"]

1. e4 e5 2. Nf3 Nc6 3. Nc3 Nf6 4. d4 exd4 5. Nxd4 Bc5 6. Nxc6 dxc6 7. Qxd8+
Kxd8 8. Bg5 Re8 9. Bxf6+ gxf6 10. O-O-O+ Bd7 11. f3 b5 12. a3 Kc8 13. b4 Be3+
14. Kb2 a5 15. Rd3 Bb6 16. Be2 f5 17. exf5 Bxf5 18. Ne4 Bxe4 19. fxe4 Rxe4 20.
Bf3 Rc4 21. Re1 axb4 22. axb4 Bd4+ 23. Kb3 Bf6 24. Re8+ Kb7 25. Rxa8 Kxa8 26.
g3 Kb7 27. Bh5 Be7 28. c3 f5 29. Rf3 Re4 30. Rxf5 h6 31. Rf3 Re5 32. Bg6 c5 33.
bxc5 Bxc5 34. h3 Re3 35. Rxe3 Bxe3 1/2-1/2

[Event "Sparkassen-Open B"]
[Site "Heusenstamm, Martinsee"]
[Date "2018.11.25"]
[Round "7.49"]
[White "Kuran, Rainer"]
[Black "Cromm, Mika"]
[Result "1/2-1/2"]
[WhiteElo "1469"]
[BlackElo "1350"]
[PlyCount "45"]
[EventDate "2018.??.??"]
[WhiteTeam "Karlsruher SF"]
[BlackTeam "TuS Löhnberg"]

1. e4 e5 2. Nf3 Nc6 3. Bb5 Nf6 4. O-O Bc5 5. c3 O-O 6. d4 exd4 7. cxd4 Bb6 8.
Bg5 h6 9. Bh4 g5 10. Nxg5 Bxd4 11. Nc3 hxg5 12. Bxg5 Qe7 13. Nd5 Qd6 14. Bxc6
Bxb2 15. Nxf6+ Bxf6 16. Qxd6 cxd6 17. Bxf6 dxc6 18. Rad1 Re8 19. Rxd6 Rxe4 20.
Rd8+ Kh7 21. f4 b5 22. Be5 Bb7 23. Rd7 1/2-1/2

[Event "Sparkassen-Open B"]
[Site "Heusenstamm, Martinsee"]
[Date "2018.11.25"]
[Round "7.50"]
[White "Tobias, Karolin"]
[Black "Boder, Jörg"]
[Result "0-1"]
[WhiteElo "924"]
[BlackElo "1466"]
[PlyCount "94"]
[EventDate "2018.??.??"]
[WhiteTeam "SV Oberursel"]
[BlackTeam "SG Mörsdorf-Lahr"]

1. e4 c5 2. Nf3 g6 3. Bc4 e6 4. Nc3 Bg7 5. d3 d6 6. Be3 a6 7. d4 b5 8. Be2 b4
9. Nb1 Bd7 10. dxc5 Nc6 11. cxd6 Bxb2 12. Nbd2 Bxa1 13. Qxa1 Qf6 14. Qxf6 Nxf6
15. O-O O-O 16. e5 Nd5 17. Bh6 Rfc8 18. Ne4 Na5 19. Bd3 Bb5 20. Nf6+ Nxf6 21.
exf6 Bxd3 22. cxd3 Rc2 23. Ne5 Nc6 24. Re1 Nxe5 25. Rxe5 Rd8 26. Ra5 Rxd6 27.
h3 Rc3 28. d4 Ra3 29. Rc5 Rd8 30. Rc4 a5 31. Bg7 Rxa2 32. g3 b3 33. d5 exd5 34.
Rc5 b2 35. Rb5 a4 36. h4 Ra1+ 37. Kg2 b1=Q 38. Rxb1 Rxb1 39. Kf3 a3 40. g4 a2
41. h5 gxh5 42. gxh5 a1=Q 43. h6 Rb4 44. Kg2 Rc8 45. f3 Qe1 46. f4 Rc3 47. f5
Rb2# 0-1

[Event "Sparkassen-Open B"]
[Site "Heusenstamm, Martinsee"]
[Date "2018.11.25"]
[Round "7.51"]
[White "Eckhoff, Mathias"]
[Black "Jelinek, Stefan"]
[Result "1-0"]
[WhiteElo "1463"]
[BlackElo "1318"]
[PlyCount "73"]
[EventDate "2018.??.??"]
[WhiteTeam "SK Hungen"]
[BlackTeam "SC Kahl"]

1. e4 d6 2. d4 e6 3. Nc3 Be7 4. Nf3 Nd7 5. Bc4 b6 6. Be3 Bb7 7. Bd3 Ngf6 8. O-O
O-O 9. e5 Nd5 10. Nxd5 Bxd5 11. exd6 Bxd6 12. Ng5 Nf6 13. f3 e5 14. c3 g6 15.
Ne4 Nxe4 16. Bxe4 Bxe4 17. fxe4 c5 18. d5 Qh4 19. Qf3 f5 20. Bf2 fxe4 21. Qxf8+
Rxf8 22. Bxh4 Rf4 23. Rxf4 exf4 24. Re1 e3 25. g3 h6 26. gxf4 Bxf4 27. Bg3 g5
28. d6 Kf8 29. d7 Ke7 30. Rd1 Kd8 31. Kf1 h5 32. Bxf4 gxf4 33. Ke2 a5 34. Kf3
b5 35. Kxf4 e2 36. Re1 Kxd7 37. Rxe2 1-0

[Event "Sparkassen-Open B"]
[Site "Heusenstamm, Martinsee"]
[Date "2018.11.25"]
[Round "7.52"]
[White "Schwab, Tizian"]
[Black "Miranda Martin, Pablo Mateo"]
[Result "0-1"]
[WhiteElo "1318"]
[BlackElo "1736"]
[PlyCount "182"]
[EventDate "2018.??.??"]
[WhiteTeam "TV-Großostheim"]
[BlackTeam "SV Walldorf"]

1. e4 c6 2. d4 d5 3. e5 Bf5 4. Nf3 e6 5. Nc3 Bb4 6. Bd2 Ne7 7. a3 Ba5 8. Ne2
Na6 9. Ng3 Bxd2+ 10. Qxd2 Nc7 11. Be2 O-O 12. O-O Bg6 13. Bd3 Qd7 14. h3 Rac8
15. Rac1 Rfd8 16. c3 c5 17. Rc2 Bxd3 18. Qxd3 c4 19. Qe3 Ng6 20. Qg5 Qe7 21.
Qxe7 Nxe7 22. Nh4 Na8 23. f4 g6 24. Nf3 b5 25. Ra1 Nb6 26. Kh2 a6 27. Kg1 a5
28. Rcc1 Rc6 29. Nh4 Rdc8 30. Ne2 Na4 31. Rc2 Ra6 32. Kf2 Nb6 33. Kg1 Rca8 34.
Rcc1 Nc6 35. Nf3 Na4 36. Rc2 b4 37. axb4 axb4 38. cxb4 Nxb4 39. Rd2 Nb6 40.
Rxa6 Rxa6 41. Nc3 Nd3 42. Kf1 Na4 43. Nxa4 Rxa4 44. Ke2 Nxf4+ 45. Kf2 Nd3+ 46.
Ke3 Ra2 47. b3 Rxd2 48. Kxd2 Nf4 49. b4 Kf8 50. Ne1 Ke7 51. Ke3 Nh5 52. Kf3 Ng7
53. Kg4 Nf5 54. Kf4 Nxd4 55. Kg5 Nf5 56. g4 h6+ 57. Kf4 g5+ 58. Kf3 Nh4+ 59.
Ke3 Ng6 60. Ng2 Nxe5 61. Kd4 Nd3 62. b5 Kd6 63. Ne3 f6 64. Nxc4+ dxc4 65. Kxc4
Nf4 66. Kb4 Nd5+ 67. Kc4 e5 68. Kd3 Nf4+ 69. Kc4 Nxh3 70. Kb4 Kc7 71. Kc4 Kb8
72. b6 e4 73. Kd4 Nf2 74. Ke3 Nxg4+ 75. Kxe4 h5 76. Kf3 f5 77. Kg3 h4+ 78. Kf3
Kb7 79. Kg2 Kxb6 80. Kf3 Kc5 81. Kg2 f4 82. Kg1 Nf2 83. Kxf2 g4 84. Kg2 Kd4 85.
Kf2 Kd3 86. Kf1 Kd2 87. Kf2 h3 88. Kf1 h2 89. Kg2 h1=Q+ 90. Kxh1 Ke2 91. Kg2
f3+ 0-1

[Event "Sparkassen-Open B"]
[Site "Heusenstamm, Martinsee"]
[Date "2018.11.25"]
[Round "7.53"]
[White "Tobias, Christian"]
[Black "Laznik, Zeljko"]
[Result "1-0"]
[WhiteElo "1416"]
[BlackElo "1523"]
[PlyCount "65"]
[EventDate "2018.??.??"]
[WhiteTeam "SV Oberursel"]
[BlackTeam "SF Heusenstamm"]

1. e4 e5 2. Nf3 Nc6 3. Bc4 h6 4. c3 d6 5. d4 Nf6 6. Nbd2 a6 7. O-O Bg4 8. dxe5
Nxe5 9. Bb3 Be7 10. Qe2 O-O 11. Qe3 Nfd7 12. Nxe5 Nxe5 13. Re1 Bg5 14. f4 Bh4
15. g3 Nd3 16. Qxd3 Be7 17. Bc2 Qd7 18. Nc4 f5 19. Ne5 Qc8 20. Nxg4 h5 21. exf5
Bf6 22. Nxf6+ gxf6 23. Qf3 Re8 24. Rxe8+ Qxe8 25. Qd5+ Kg7 26. Qe6 Qc6 27. Qe4
Qb6+ 28. Be3 Qb5 29. Qe7+ Kg8 30. Bb3+ d5 31. Qxf6 Qd7 32. Qe6+ Qxe6 33. fxe6
1-0

[Event "Sparkassen-Open B"]
[Site "Heusenstamm, Martinsee"]
[Date "2018.11.25"]
[Round "7.54"]
[White "Klein, Simon"]
[Black "Weyerer, Noah"]
[Result "1-0"]
[WhiteElo "1377"]
[BlackElo "1318"]
[PlyCount "55"]
[EventDate "2018.??.??"]
[WhiteTeam "SK Hungen"]
[BlackTeam "SV Oberursel"]

1. e4 Nf6 2. Nc3 d6 3. d4 e5 4. dxe5 dxe5 5. Qxd8+ Kxd8 6. Bg5 Be6 7. O-O-O+
Nbd7 8. Nf3 Kc8 9. Nd2 h6 10. Bh4 g5 11. Bg3 Nh5 12. Bc4 Nxg3 13. hxg3 Bg7 14.
Bxe6 fxe6 15. Nc4 a6 16. Rd3 Nc5 17. Rf3 b5 18. Rf7 Rg8 19. Na5 Nb7 20. Nc6 Nd8
21. Nxd8 Kxd8 22. Rd1+ Ke8 23. Rdd7 Bf8 24. Rxc7 Bb4 25. Ne2 Rd8 26. a3 Bd2+
27. Kb1 Ba5 28. Rce7# 1-0

[Event "Sparkassen-Open B"]
[Site "Heusenstamm, Martinsee"]
[Date "2018.11.25"]
[Round "7.55"]
[White "Döll-Hentschker, Susanne"]
[Black "Pessotschinski, Eduard"]
[Result "0-1"]
[WhiteElo "1148"]
[BlackElo "1428"]
[PlyCount "76"]
[EventDate "2018.??.??"]
[WhiteTeam "VSG Offenbach"]
[BlackTeam "TuS Makkabi"]

1. d4 Nf6 2. Nf3 g6 3. Bf4 d6 4. h3 Bg7 5. e3 Nc6 6. c3 O-O 7. Bd3 Re8 8. O-O
e5 9. dxe5 dxe5 10. Bh2 e4 11. Be2 exf3 12. Bxf3 Qxd1 13. Rxd1 Rd8 14. Nd2 Ne8
15. Rac1 Be5 16. Bxc6 Bxh2+ 17. Kxh2 bxc6 18. b4 Be6 19. a3 Rd6 20. Ne4 Rxd1
21. Rxd1 Bd5 22. Nc5 Nd6 23. f3 f5 24. a4 Re8 25. b5 Rxe3 26. Na6 Re7 27. Nb4
Bb3 28. Ra1 cxb5 29. axb5 Nxb5 30. Nc6 Re3 31. Rb1 Rxc3 32. Na5 Nd4 33. Nxb3
Rxb3 34. Re1 Kf7 35. Kg1 Rxf3 36. gxf3 Nxf3+ 37. Kf1 Nxe1 38. Kxe1 Ke6 0-1

[Event "Sparkassen-Open B"]
[Site "Heusenstamm, Martinsee"]
[Date "2018.11.25"]
[Round "7.56"]
[White "Sallwey, Rainer"]
[Black "Tarini, Jagadeesh"]
[Result "1-0"]
[WhiteElo "1412"]
[BlackElo "1016"]
[PlyCount "79"]
[EventDate "2018.??.??"]
[WhiteTeam "SK Langen"]
[BlackTeam "Singapore"]
[BlackTeamCountry "SIN"]

1. d4 d5 2. Bf4 Nf6 3. e3 Nc6 4. Nf3 Bg4 5. Be2 e6 6. Bg3 Bd6 7. Ne5 Bxe2 8.
Qxe2 O-O 9. O-O Rb8 10. c3 Nd7 11. Nxc6 bxc6 12. Bxd6 cxd6 13. b3 e5 14. Nd2
Nf6 15. Nf3 e4 16. Nd2 c5 17. Rfc1 cxd4 18. cxd4 Rc8 19. Qa6 Qb6 20. Qxc8 h6
21. Qc7 Qb8 22. Qxb8 Rxb8 23. a3 Kf8 24. Rc7 Ra8 25. Rac1 a6 26. Rc8+ Rxc8 27.
Rxc8+ Ke7 28. Ra8 Kd7 29. Rxa6 Kc7 30. Ra7+ Kc6 31. Rxf7 Nh5 32. g4 Nf6 33.
Rxg7 Kb5 34. h3 Kc6 35. Rg6 Nd7 36. Rxh6 Nb6 37. g5 Kd7 38. g6 Nc8 39. g7 Ne7
40. Rh8 1-0

[Event "Sparkassen-Open B"]
[Site "Heusenstamm, Martinsee"]
[Date "2018.11.25"]
[Round "7.57"]
[White "Krieger, Roy"]
[Black "Welker, Alexandra"]
[Result "0-1"]
[WhiteElo "1312"]
[BlackElo "1308"]
[PlyCount "108"]
[EventDate "2018.??.??"]
[WhiteTeam "Muldental Wilkau-Haßlau"]
[BlackTeam "TuS Makkabi"]

1. d4 d5 2. Nf3 c6 3. Bf4 Bf5 4. e3 Nf6 5. Nbd2 e6 6. Nh4 Bg6 7. Nxg6 hxg6 8.
Bd3 Bd6 9. Bxd6 Qxd6 10. Nf3 Nbd7 11. c3 e5 12. dxe5 Nxe5 13. Nxe5 Qxe5 14. h3
g5 15. O-O g4 16. g3 Rxh3 17. Re1 Qh5 18. Kf1 Ne4 19. Bxe4 dxe4 20. Qc2 Rxg3
21. Qxe4+ Kf8 22. Ke2 Qb5+ 23. Qd3 Qxb2+ 24. Qd2 Qxd2+ 25. Kxd2 Rg2 26. Rh1
Rd8+ 27. Ke1 g3 28. fxg3 Rxg3 29. Kf2 Rg4 30. Rad1 Rxd1 31. Rxd1 Ke7 32. Kf3
Rc4 33. Rd3 Ke6 34. e4 f5 35. exf5+ Kxf5 36. Rd7 Rxc3+ 37. Ke2 Rc2+ 38. Kd3
Rxa2 39. Rxb7 g5 40. Rc7 Ra6 41. Ke3 Kg4 42. Kf2 Ra2+ 43. Ke3 a5 44. Rxc6 Ra4
45. Rc5 Kh4 46. Kf3 g4+ 47. Ke3 Kg3 48. Rg5 Kg2 49. Rd5 g3 50. Rd2+ Kh3 51. Rd8
g2 52. Rh8+ Rh4 53. Rg8 Rg4 54. Rh8+ Kg3 0-1

[Event "Sparkassen-Open B"]
[Site "Heusenstamm, Martinsee"]
[Date "2018.11.25"]
[Round "7.58"]
[White "Homfeldt, Maren"]
[Black "Hahnenstein, Leon"]
[Result "0-1"]
[WhiteElo "1211"]
[BlackElo "1505"]
[PlyCount "92"]
[EventDate "2018.??.??"]
[WhiteTeam "SC Noris-Tarrasch Nürnberg"]
[BlackTeam "SC Herborn"]

1. d4 d5 2. e3 Bf5 3. Bd3 Bg6 4. Bxg6 hxg6 5. f4 Nf6 6. Nf3 e6 7. Ne5 Nbd7 8.
Nxd7 Qxd7 9. c3 Ne4 10. O-O Bd6 11. Qb3 b6 12. Na3 g5 13. Qb5 Qxb5 14. Nxb5 Rh5
15. Nxd6+ Nxd6 16. Rf3 g4 17. Rg3 f5 18. h3 Ne4 19. hxg4 Nxg3 20. gxh5 Nxh5 21.
Kf2 Ke7 22. Bd2 Rg8 23. Rh1 Nf6 24. Kf3 Ne4 25. Be1 Kd7 26. Rh7 Kc6 27. a4 g5
28. g4 fxg4+ 29. Kxg4 Nf6+ 30. Kg3 Nxh7 31. c4 gxf4+ 32. Kxf4 dxc4 33. Bh4 Nf8
34. Bg5 e5+ 35. dxe5 Ne6+ 36. Kf5 Nxg5 37. Kf6 Kd7 38. e4 Nxe4+ 39. Kf7 Re8 40.
e6+ Rxe6 41. Kf8 Re7 42. a5 Ke6 43. axb6 axb6 44. b3 Kf6 45. bxc4 Nd6 46. c5
Re8# 0-1

[Event "Sparkassen-Open B"]
[Site "Heusenstamm, Martinsee"]
[Date "2018.11.25"]
[Round "7.59"]
[White "Gräf, Roman Konrad"]
[Black "Peschk, Kathrin"]
[Result "0-1"]
[WhiteElo "1171"]
[BlackElo "1357"]
[PlyCount "66"]
[EventDate "2018.??.??"]
[WhiteTeam "SV Frankfurt Nord"]
[BlackTeam "SV Groß-Gerau"]

1. d4 d5 2. Bf4 Nf6 3. e3 Bf5 4. Nd2 e6 5. h3 Bd6 6. Ngf3 O-O 7. Be5 Nc6 8. c4
Bxe5 9. Nxe5 Nxe5 10. dxe5 Ne4 11. Nf3 c6 12. Bd3 f6 13. O-O Qe7 14. Qc2 Rac8
15. g4 Bg6 16. Nh4 f5 17. Nxg6 hxg6 18. Kg2 Qh4 19. Bxe4 fxe4 20. f3 Rxf3 21.
Rxf3 exf3+ 22. Kxf3 Qxh3+ 23. Ke2 Qxg4+ 24. Kd3 Rf8 25. Qe2 Qe4+ 26. Kd2 Qxe5
27. Rf1 Qxb2+ 28. Kd3 Qxe2+ 29. Kxe2 Rxf1 30. Kxf1 dxc4 31. Ke1 b5 32. Kd1 g5
33. Ke2 Kf7 0-1

[Event "Sparkassen-Open B"]
[Site "Heusenstamm, Martinsee"]
[Date "2018.11.25"]
[Round "7.60"]
[White "Lochmann, Tobias"]
[Black "Tobias, Franziska Ylvi"]
[Result "1-0"]
[WhiteElo "1203"]
[BlackElo "797"]
[PlyCount "121"]
[EventDate "2018.??.??"]
[WhiteTeam "SV Groß-Gerau"]
[BlackTeam "SV Oberursel"]

1. c4 e5 2. Nc3 Nc6 3. e4 Bc5 4. d3 Nge7 5. Bg5 O-O 6. Nf3 h6 7. Bh4 Nd4 8. Nd5
d6 9. Nxe7+ Kh8 10. Ng6+ fxg6 11. Bxd8 Rxd8 12. Nh4 Rf8 13. Nxg6+ Kh7 14. Nxf8+
Kg8 15. Ng6 Bb4+ 16. Qd2 Bxd2+ 17. Kxd2 Bg4 18. f3 Bd7 19. Ne7+ Kh7 20. Nd5 c6
21. Ne3 Rf8 22. Be2 c5 23. Rab1 g5 24. b4 g4 25. fxg4 Rf2 26. Rhe1 cxb4 27.
Rxb4 b6 28. Ra4 a5 29. Nd5 Bxg4 30. Nf6+ Rxf6 31. Bxg4 Rf2+ 32. Be2 Rxg2 33.
Ke3 Rxh2 34. Ra3 Rh3+ 35. Kd2 Kg6 36. Rg1+ Kh7 37. Bg4 Rh2+ 38. Kc3 h5 39. Bf5+
Kh6 40. Rg6+ Kh7 41. Rxd6+ Nxf5 42. Rxb6 Ne3 43. Rxa5 Rc2+ 44. Kb4 Rb2+ 45. Kc5
Rg2 46. Ra7+ Kh8 47. Rb8+ Rg8 48. Rxg8+ Kxg8 49. a4 h4 50. a5 h3 51. Ra8+ Kg7
52. Ra7+ Kf6 53. Rh7 h2 54. Rxh2 Ng4 55. Rg2 Kg5 56. a6 Kf4 57. a7 Ke3 58. a8=Q
Nf2 59. Rg3+ Kf4 60. Qg8 Ng4 61. Qxg4# 1-0